[Event "Frankfurt-ch"]
[Site "Frankfurt"]
[Date "2005.04.25"]
[Round "1"]
[White "Krpan, Alojz"]
[Black "Magiera, Rainer"]
[Result "1/2-1/2"]
[WhiteElo "1417"]
[BlackElo "1871"]
[PlyCount "96"]
[EventDate "2005.04.25"]
[EventType "swiss"]
[EventRounds "7"]
[EventCountry "GER"]
[SourceTitle "EXT 2006"]
[Source "ChessBase"]
[SourceDate "2005.11.24"]
[SourceVersion "1"]
[SourceVersionDate "2005.11.24"]
[SourceQuality "1"]

1. e4 e5 2. Nf3 Nc6 3. Bc4 Bc5 4. Nc3 Nf6 5. d3 h6 6. Na4 Be7 7. Nc3 d6 8. h3 Na5 9. Nd2 a6 10. a3 Nxc4 11. Nxc4 Be6 12. Ne3 d5 13. exd5 Nxd5 14. Ncxd5 Bxd5 15. 0-0 Bf6 16. Qe1 Be6 17. Qb4 Rb8 18. Re1 Qd6 19. Qa4+ Qd7 20. Qb4 Qd6 21. Qa4+ Qd7 22. Qb4 Qd6 23. Qa4+ Qd7 24. Qxd7+ Kxd7 25. Rd1 Kc6 26. Nf1 Rbd8 27. Ng3 h5 28. Ne4 Be7 29. Ng5 Bd5 30. Be3 f6 31. Ne4 f5 32. Nc3 Bf7 33. f3 Bf6 34. Bd2 Rhe8 35. Kh1 b6 36. Rab1 Bg6 37. g3 Kb7 38. Kg2 e4 39. Bf4 exd3 40. cxd3 Bf7 41. h4 Rd7 42. Kf2 Red8 43. Ke2 Re8+ 44. Kf2 Red8 45. Ke2 Re8+ 46. Kf2 Bb3 47. Rd2 Bd4+ 48. Kf1 Red8 1/2-1/2